[Event "GoAudit Open 2021"]
[Site "Copenhagen"]
[Date "2021.11.12"]
[Round "3"]
[White "Moe, Mogens"]
[Black "Falkesgaard, Jeppe Hald"]
[Result "1-0"]
[WhiteElo "2150"]
[BlackElo "1866"]
[PlyCount "85"]
[EventDate "2021.11.12"]
[EventType "swiss"]
[EventRounds "7"]
[EventCountry "DEN"]

1. e4 c5 2. Nf3 e6 3. d4 cxd4 4. Nxd4 Nc6 5. Nc3 Qc7 6. Be3 a6 7. Qd2 Be7 8.
O-O-O Nf6 9. f3 O-O 10. g4 d6 11. h4 Nxd4 12. Bxd4 b5 13. h5 Bb7 14. g5 Nd7 15.
g6 Rac8 16. h6 fxg6 17. hxg7 Rxf3 18. Qh6 Nf8 19. gxf8=Q+ Bxf8 20. Qd2 b4 21.
Bh3 Qf7 22. Nd5 Rc4 23. Nxb4 Bxe4 24. b3 Rc8 25. Rdf1 a5 26. Rxf3 Bxf3 27. Re1
Re8 28. Nd3 e5 29. Be3 d5 30. Qxa5 d4 31. Nxe5 Qb7 32. Bxd4 Bb4 33. Qa4 Bc6 34.
Qxc6 Qxc6 35. Nxc6 Rxe1+ 36. Kb2 Bd6 37. a4 Re8 38. a5 h5 39. a6 Ra8 40. a7 g5
41. Be6+ Kf8 42. Bd5 Rc8 43. Nb8 1-0

[Event "GoAudit Open 2021"]
[Site "Copenhagen"]
[Date "2021.11.12"]
[Round "3"]
[White "Eriksson, Christian Altenburg"]
[Black "Saravana, Vedant Kumar"]
[Result "1-0"]
[WhiteElo "2135"]
[BlackElo "1831"]
[PlyCount "121"]
[EventDate "2021.11.12"]
[EventType "swiss"]
[EventRounds "7"]
[EventCountry "DEN"]

1. e4 e5 2. Nf3 Nc6 3. d4 exd4 4. Nxd4 Bc5 5. Nb3 Bb6 6. Nc3 Nf6 7. Qe2 O-O 8.
Bg5 Nd4 9. Qd2 Nxb3 10. axb3 Re8 11. O-O-O h6 12. Bxf6 Qxf6 13. f3 d6 14. Kb1
Ba5 15. Nd5 Bxd2 16. Nxf6+ gxf6 17. Rxd2 Be6 18. Bb5 Red8 19. Rhd1 a6 20. Bc4
b5 21. Bd5 Bxd5 22. Rxd5 Re8 23. R1d3 Re5 24. Rc3 Ra7 25. Kc1 Kf8 26. Kd2 Ke7
27. Ke3 Ke6 28. Rd1 Rg5 29. g4 c5 30. h4 Rg7 31. Rcd3 Rd7 32. Rd5 Rg6 33. Ra1
Ra7 34. Rad1 Rd7 35. c3 Ke7 36. Kf4 Ke6 37. Kg3 Ke7 38. f4 Rd8 39. h5 Rg7 40.
e5 Rdg8 41. exf6+ Kxf6 42. Rxd6+ Ke7 43. Rd7+ Ke8 44. Rd8+ Ke7 45. Rxg8 Rxg8
46. Rd5 Rc8 47. g5 hxg5 48. fxg5 c4 49. b4 Rg8 50. Kf4 Rh8 51. Kg4 Rg8 52. Kf5
Rh8 53. h6 f6 54. gxf6+ Ke8 55. Ke6 Rxh6 56. Rc5 Kd8 57. Rc6 Rg6 58. Rxa6 Rh6
59. Rb6 Rh5 60. Rd6+ Kc8 61. f7 1-0

[Event "GoAudit Open 2021"]
[Site "Copenhagen"]
[Date "2021.11.12"]
[Round "3"]
[White "Jaques, Hannibal Valeur"]
[Black "Guindy, Esmat Susanne"]
[Result "0-1"]
[WhiteElo "1980"]
[BlackElo "2102"]
[PlyCount "78"]
[EventDate "2021.11.12"]
[EventType "swiss"]
[EventRounds "7"]
[EventCountry "DEN"]

1. e4 e6 2. d4 d5 3. e5 c5 4. c3 Nc6 5. f4 Qb6 6. Nf3 Nh6 7. Bd3 Bd7 8. Bc2
cxd4 9. cxd4 Nb4 10. Ba4 Bxa4 11. Qxa4+ Nc6 12. O-O Nf5 13. Rd1 h5 14. Na3 Rc8
15. Nc2 Be7 16. Ne3 Nxe3 17. Bxe3 O-O 18. Qb3 Qxb3 19. axb3 a6 20. Bd2 Rc7 21.
Rac1 Rfc8 22. Bc3 Na7 23. Bd2 Nc6 24. Ne1 Nxd4 25. Rxc7 Rxc7 26. Ba5 Rc1 27.
Rxd4 Bc5 28. Bc3 Bxd4+ 29. Bxd4 Rxe1+ 30. Kf2 Re4 31. Be3 Rb4 32. h3 Rxb3 33.
Bd4 a5 34. Kg1 b5 35. Kh2 b4 36. g4 hxg4 37. hxg4 a4 38. f5 a3 39. bxa3 bxa3
0-1

[Event "GoAudit Open 2021"]
[Site "Copenhagen"]
[Date "2021.11.13"]
[Round "4"]
[White "Hoi, Carsten"]
[Black "Hector, Jonny"]
[Result "1-0"]
[WhiteElo "2348"]
[BlackElo "2447"]
[PlyCount "81"]
[EventDate "2021.11.12"]
[EventType "swiss"]
[EventRounds "7"]
[EventCountry "DEN"]

1. d4 d5 2. c4 e5 3. e3 e4 4. cxd5 Nf6 5. Nc3 Bd6 6. f3 Qe7 7. fxe4 Nxe4 8. Nf3
Nd7 9. Nxe4 Qxe4 10. Bd3 Bb4+ 11. Kf2 Qxd5 12. e4 Qa5 13. Rf1 Be7 14. Kg1 c5
15. d5 f6 16. Bf4 Qb6 17. Kh1 g5 18. Bg3 h5 19. h4 gxh4 20. Bh2 h3 21. gxh3 Nf8
22. Nd2 Qd8 23. Qf3 Qd7 24. e5 Qxh3 25. Bb5+ Kd8 26. exf6 Bd6 27. Qxh3 Bxh3 28.
Bxd6 a6 29. Be7+ Kc7 30. d6+ Kb6 31. Bd3 Bxf1 32. Rxf1 Rg8 33. Bf5 Kc6 34. Nc4
Rb8 35. Be4+ Kb5 36. Ne5 Rg5 37. Bf5 Rg3 38. d7 Re3 39. d8=Q Rxd8 40. Bxd8 Rxe5
41. Be7 1-0

[Event "GoAudit Open 2021"]
[Site "Copenhagen"]
[Date "2021.11.13"]
[Round "4"]
[White "Nielsen, Viktor Haarmark"]
[Black "Boe Olsen, Filip"]
[Result "0-1"]
[WhiteElo "2263"]
[BlackElo "2366"]
[PlyCount "78"]
[EventDate "2021.11.12"]
[EventType "swiss"]
[EventRounds "7"]
[EventCountry "DEN"]

1. e4 c5 2. Nf3 d6 3. d4 cxd4 4. Nxd4 Nf6 5. Nc3 a6 6. h4 e5 7. Nb3 Be6 8. Bg5
Nbd7 9. f3 h6 10. Be3 h5 11. Qd2 Rc8 12. O-O-O Be7 13. Qf2 Qc7 14. Kb1 b5 15.
Rg1 Bd8 16. Bxb5 axb5 17. Nxb5 Qb8 18. Nxd6+ Kf8 19. Nxc8 Qxc8 20. Rd2 g6 21.
Rgd1 Kg7 22. Nc5 Nxc5 23. Bxc5 Nd7 24. Bd6 Qa6 25. b3 Bb6 26. Qe2 Qa5 27. a4
Bd4 28. Qb5 Qc3 29. Rxd4 exd4 30. Be5+ Nxe5 31. Qxe5+ Kh7 32. Qxd4 Qc7 33. Qd6
Qa5 34. Kb2 Rc8 35. Qd4 Qc7 36. Rd2 Qg3 37. Qf6 Qc7 38. f4 Bxb3 39. f5 Bxc2 0-1

[Event "GoAudit Open 2021"]
[Site "Copenhagen"]
[Date "2021.11.13"]
[Round "4"]
[White "Haubro, Martin"]
[Black "Laursen, Niels Norskov"]
[Result "0-1"]
[WhiteElo "2410"]
[BlackElo "2214"]
[PlyCount "54"]
[EventDate "2021.11.12"]
[EventType "swiss"]
[EventRounds "7"]
[EventCountry "DEN"]

1. e4 c5 2. Nf3 e6 3. d4 cxd4 4. Nxd4 a6 5. Bd3 Qc7 6. O-O Nf6 7. c4 Nc6 8. Be3
Ne5 9. h3 Bc5 10. Nc3 O-O 11. a3 d6 12. b4 Ba7 13. Rc1 Bd7 14. Be2 Rfc8 15. f4
Nxc4 16. Bxc4 Qxc4 17. Kh2 Qxc3 18. Rxc3 Rxc3 19. e5 Nd5 20. Bg1 Bb8 21. Nf3
Bb5 22. Re1 Nxf4 23. Bd4 Rc8 24. exd6 Nd3 25. Be5 Rd8 26. Re3 Nxe5 27. Nxe5
Bxd6 0-1

[Event "GoAudit Open 2021"]
[Site "Copenhagen"]
[Date "2021.11.13"]
[Round "4"]
[White "Skytte, Rasmus"]
[Black "Boe, Mads"]
[Result "1/2-1/2"]
[WhiteElo "2378"]
[BlackElo "2243"]
[PlyCount "26"]
[EventDate "2021.11.12"]
[EventType "swiss"]
[EventRounds "7"]
[EventCountry "DEN"]

1. e4 c5 2. Nf3 d6 3. d4 cxd4 4. Nxd4 Nf6 5. Nc3 g6 6. Be3 Bg7 7. f3 O-O 8. Qd2
Nc6 9. Bc4 Bd7 10. O-O-O Rc8 11. Bb3 Ne5 12. Kb1 Nc4 13. Bxc4 Rxc4 1/2-1/2

[Event "GoAudit Open 2021"]
[Site "Copenhagen"]
[Date "2021.11.13"]
[Round "4"]
[White "Guindy, Esmat Susanne"]
[Black "Fries Nielsen, Jens Ove"]
[Result "1/2-1/2"]
[WhiteElo "2102"]
[BlackElo "2383"]
[PlyCount "20"]
[EventDate "2021.11.12"]
[EventType "swiss"]
[EventRounds "7"]
[EventCountry "DEN"]

1. d4 d5 2. c4 c6 3. Nc3 Nf6 4. cxd5 cxd5 5. Bf4 a6 6. Nf3 Nc6 7. e3 e6 8. Bd3
Bd6 9. Bxd6 Qxd6 10. O-O O-O 1/2-1/2

[Event "GoAudit Open 2021"]
[Site "Copenhagen"]
[Date "2021.11.13"]
[Round "4"]
[White "Ostergaard, Jens"]
[Black "Andersen, Soren Mikkel"]
[Result "1/2-1/2"]
[WhiteElo "2230"]
[BlackElo "2127"]
[PlyCount "100"]
[EventDate "2021.11.12"]
[EventType "swiss"]
[EventRounds "7"]
[EventCountry "DEN"]

1. d4 d5 2. Nf3 Nf6 3. c4 c6 4. Nc3 e6 5. e3 Nbd7 6. Qc2 Bd6 7. b3 O-O 8. Be2
e5 9. cxd5 cxd5 10. Nb5 Bb4+ 11. Bd2 Bxd2+ 12. Nxd2 a6 13. dxe5 Nxe5 14. Nd4
Bg4 15. Bxg4 Nfxg4 16. O-O g6 17. N2f3 Rc8 18. Qd2 Qd6 19. Rac1 Nxf3+ 20. Nxf3
Rc6 21. Rxc6 bxc6 22. Qd4 Qe6 23. Qb6 Rc8 24. Qxa6 c5 25. Qb7 Nf6 26. Rc1 Kg7
27. h3 Ne4 28. b4 Re8 29. bxc5 Kh6 30. Qb2 Rc8 31. Nd4 Qa6 32. c6 Nd6 33. Qb3
Qa5 34. a4 Nc4 35. e4 Re8 36. c7 Qd2 37. Rd1 Qf4 38. exd5 Qxc7 39. Rc1 Re4 40.
Qd3 Qf4 41. Nb3 Ne5 42. Qd2 Rxa4 43. Rd1 Qxd2 44. Rxd2 Rb4 45. Nd4 Nc4 46. Rd1
Nd6 47. Nc6 Rb2 48. Ne5 Kg7 49. Rc1 Rd2 50. Nc4 Nxc4 1/2-1/2

[Event "GoAudit Open 2021"]
[Site "Copenhagen"]
[Date "2021.11.13"]
[Round "4"]
[White "Thorsbro, Peter"]
[Black "Sorensen, Reto Utiger"]
[Result "1-0"]
[WhiteElo "2179"]
[BlackElo "1985"]
[PlyCount "61"]
[EventDate "2021.11.12"]
[EventType "swiss"]
[EventRounds "7"]
[EventCountry "DEN"]

1. d4 Nf6 2. c4 e6 3. Nf3 d5 4. Nc3 Be7 5. Bf4 a6 6. e3 c5 7. dxc5 Bxc5 8. cxd5
exd5 9. Be2 Nc6 10. O-O O-O 11. Rc1 Bb6 12. Qb3 Na5 13. Qc2 Be6 14. Ng5 Qe7 15.
Be5 g6 16. Nxe6 fxe6 17. Na4 Ba7 18. Qd2 Nc6 19. Bxf6 Rxf6 20. Bxa6 Bb8 21. Bb5
Qd6 22. g3 Ne5 23. Rc8+ Kg7 24. f4 Ng4 25. Kh1 Rf8 26. Rfc1 Ba7 27. R8c7+ Kh6
28. Qg2 Nf6 29. g4 g5 30. Qh3+ Kg6 31. f5+ 1-0

[Event "GoAudit Open 2021"]
[Site "Copenhagen"]
[Date "2021.11.13"]
[Round "4"]
[White "Jarlskov, Daniel Tuk Hartso"]
[Black "Christensen, Lasse"]
[Result "0-1"]
[WhiteElo "2042"]
[BlackElo "2182"]
[PlyCount "60"]
[EventDate "2021.11.12"]
[EventType "swiss"]
[EventRounds "7"]
[EventCountry "DEN"]

1. c4 e5 2. Nc3 Nc6 3. g3 g6 4. Bg2 Bg7 5. Nf3 Nge7 6. d3 d6 7. Bd2 a6 8. Qc1
Nf5 9. Nd5 Ncd4 10. Nxd4 exd4 11. Ba5 b6 12. Nxb6 cxb6 13. Bxa8 bxa5 14. O-O
O-O 15. Rb1 h5 16. b4 axb4 17. Rxb4 h4 18. Bf3 Bh6 19. Qb1 Qg5 20. g4 h3 21.
Kh1 Nh4 22. Rg1 Nxf3 23. exf3 Qh4 24. Qe1 Bd7 25. Qf1 Bf4 26. Rb6 a5 27. Qe2
Re8 28. Qb2 Be5 29. Re1 Qf6 30. Qe2 Qf4 0-1

[Event "GoAudit Open 2021"]
[Site "Copenhagen"]
[Date "2021.11.13"]
[Round "4"]
[White "Akdag, Dara Sevkan"]
[Black "Nielsen Refs, Karl Emil Elmer"]
[Result "1-0"]
[WhiteElo "2155"]
[BlackElo "1878"]
[PlyCount "61"]
[EventDate "2021.11.12"]
[EventType "swiss"]
[EventRounds "7"]
[EventCountry "DEN"]

1. f4 d5 2. Nf3 c5 3. g3 g6 4. Bg2 Bg7 5. O-O Nc6 6. d3 Nf6 7. c3 O-O 8. Na3
Bf5 9. Nh4 Bg4 10. h3 Bd7 11. e4 dxe4 12. dxe4 e5 13. f5 a6 14. Qe2 b5 15. Be3
Qe7 16. Qf2 Rfb8 17. Bxc5 Qe8 18. Be3 b4 19. Nc4 bxc3 20. bxc3 Nd8 21. Nd6 Qe7
22. Rad1 Nb7 23. Nxb7 Rxb7 24. g4 Qe8 25. Rd6 Qb8 26. Rxf6 Bxf6 27. fxg6 Bg7
28. gxf7+ Kh8 29. Ng6+ hxg6 30. Qh4+ Bh6 31. Qxh6# 1-0

[Event "GoAudit Open 2021"]
[Site "Copenhagen"]
[Date "2021.11.13"]
[Round "4"]
[White "Iskos, Lukas"]
[Black "Moe, Mogens"]
[Result "0-1"]
[WhiteElo "2034"]
[BlackElo "2150"]
[PlyCount "42"]
[EventDate "2021.11.12"]
[EventType "swiss"]
[EventRounds "7"]
[EventCountry "DEN"]

1. d4 Nf6 2. Bf4 g6 3. e3 Bg7 4. h4 c5 5. c4 Qb6 6. Nf3 Qxb2 7. Nbd2 Nc6 8. Rb1
Qa3 9. Nb3 d6 10. Be2 Ne4 11. Qc1 Qb4+ 12. Nbd2 Qc3 13. dxc5 Qxc1+ 14. Rxc1
Nxc5 15. Nb3 Na4 16. O-O Nc3 17. Rc2 Nb4 18. Rd2 Nbxa2 19. c5 Nxe2+ 20. Rxe2
Nc3 21. Rc2 Bf5 0-1

[Event "GoAudit Open 2021"]
[Site "Copenhagen"]
[Date "2021.11.13"]
[Round "5"]
[White "Boe Olsen, Filip"]
[Black "Hoi, Carsten"]
[Result "1/2-1/2"]
[WhiteElo "2366"]
[BlackElo "2348"]
[PlyCount "64"]
[EventDate "2021.11.12"]
[EventType "swiss"]
[EventRounds "7"]
[EventCountry "DEN"]

1. d4 d6 2. Nf3 Nf6 3. g3 g6 4. Bg2 Bg7 5. O-O O-O 6. c4 Nc6 7. Nc3 e5 8. d5
Nb8 9. e4 Nbd7 10. Ne1 a5 11. Nd3 b6 12. Be3 Nc5 13. Nxc5 bxc5 14. a3 Ng4 15.
Bd2 f5 16. f3 Nf6 17. b4 axb4 18. axb4 Rxa1 19. Qxa1 cxb4 20. Nb5 fxe4 21. fxe4
Bd7 22. Qa5 Ng4 23. h3 Bxb5 24. cxb5 Rxf1+ 25. Bxf1 Bh6 26. Bxh6 Nxh6 27. Qxb4
Qb8 28. Qa5 Nf7 29. Qa6 Kg7 30. Qc6 Qd8 31. Bg2 h5 32. Qb7 Kf6 1/2-1/2

[Event "GoAudit Open 2021"]
[Site "Copenhagen"]
[Date "2021.11.13"]
[Round "5"]
[White "Laursen, Niels Norskov"]
[Black "Hector, Jonny"]
[Result "0-1"]
[WhiteElo "2214"]
[BlackElo "2447"]
[PlyCount "134"]
[EventDate "2021.11.12"]
[EventType "swiss"]
[EventRounds "7"]
[EventCountry "DEN"]

1. e4 e5 2. Nf3 Nc6 3. Bb5 a6 4. Ba4 Bc5 5. O-O Nge7 6. Nxe5 Nxe5 7. d4 b5 8.
Bb3 Bxd4 9. Qxd4 d6 10. c3 c5 11. Qd1 Bb7 12. Bc2 Qb6 13. a4 Rd8 14. axb5 axb5
15. Nd2 O-O 16. Qh5 c4 17. Nf3 Nd3 18. Bxd3 cxd3 19. Re1 f6 20. Be3 Qc6 21. Bd4
Ng6 22. Qg4 Rde8 23. Rad1 Rxe4 24. Rxe4 Qxe4 25. Qxe4 Bxe4 26. Ne1 Ne5 27. f3
Bg6 28. Bxe5 fxe5 29. Nxd3 Kf7 30. Nb4 Ke6 31. Ra1 e4 32. fxe4 Bxe4 33. Rf1 Ra8
34. Kf2 d5 35. g3 Kd6 36. Ke3 Re8 37. Kd2 Bg6 38. Rf4 Ra8 39. Rf1 Kc5 40. Nd3+
Kd6 41. Nb4 h5 42. h4 Be4 43. Ke3 Re8 44. Kd2 Re6 45. Ra1 Ke5 46. Ra6 Rxa6 47.
Nxa6 d4 48. Nc5 Bf5 49. Nb3 dxc3+ 50. bxc3 Ke4 51. Nd4 Bd7 52. Ne2 Kf3 53. Nf4
Bg4 54. Ne2 Kf2 55. Nd4 Kxg3 56. Nxb5 Kxh4 57. Ke3 Kg3 58. Nd6 Bd7 59. Ne4+ Kg4
60. Nf2+ Kf5 61. Kf3 g5 62. Kg3 h4+ 63. Kh2 g4 64. Nd3 Bb5 65. Ne1 Kg5 66. Ng2
g3+ 67. Kh3 Bd7# 0-1

[Event "GoAudit Open 2021"]
[Site "Copenhagen"]
[Date "2021.11.13"]
[Round "5"]
[White "Christensen, Lasse"]
[Black "Skytte, Rasmus"]
[Result "0-1"]
[WhiteElo "2182"]
[BlackElo "2378"]
[PlyCount "78"]
[EventDate "2021.11.12"]
[EventType "swiss"]
[EventRounds "7"]
[EventCountry "DEN"]

1. d4 Nf6 2. Nf3 c5 3. e3 g6 4. Nc3 Bg7 5. Be2 d5 6. O-O b6 7. Bb5+ Bd7 8.
Bxd7+ Nbxd7 9. Qe2 O-O 10. Rd1 Rc8 11. a4 e6 12. a5 Ne4 13. Nxe4 dxe4 14. Nd2
cxd4 15. Nxe4 Qc7 16. exd4 Qxc2 17. Qxc2 Rxc2 18. axb6 axb6 19. Ra7 Nf6 20. Nc3
Rc8 21. Ra1 Ng4 22. Rd2 Rxd2 23. Bxd2 Bxd4 24. Be1 Nf6 25. Rd1 Bxc3 26. Bxc3
Nd5 27. Bd4 f6 28. g3 g5 29. Rd2 Kf7 30. f3 Rc4 31. Kf2 Rb4 32. h3 h5 33. Bc3
Rc4 34. Bd4 Ke7 35. Ke2 Rc1 36. Kf2 b5 37. Kg2 e5 38. Bxe5 Ne3+ 39. Kf2 Nc4 0-1

[Event "GoAudit Open 2021"]
[Site "Copenhagen"]
[Date "2021.11.13"]
[Round "5"]
[White "Moe, Mogens"]
[Black "Nielsen, Viktor Haarmark"]
[Result "1/2-1/2"]
[WhiteElo "2150"]
[BlackElo "2263"]
[PlyCount "113"]
[EventDate "2021.11.12"]
[EventType "swiss"]
[EventRounds "7"]
[EventCountry "DEN"]

1. e4 e5 2. Nf3 Nc6 3. Bc4 Bc5 4. c3 Nf6 5. d4 exd4 6. e5 d5 7. Bb5 Ne4 8. cxd4
Bb6 9. Nc3 O-O 10. Be3 Bg4 11. Qa4 Ne7 12. Bd3 Nxc3 13. bxc3 Bf5 14. Qc2 Qd7
15. O-O Rae8 16. Rae1 c6 17. Bg5 Bxd3 18. Qxd3 Qf5 19. Qxf5 Nxf5 20. g4 Ne7 21.
Nh4 c5 22. Be3 cxd4 23. cxd4 Rc8 24. Rc1 f6 25. exf6 gxf6 26. Ng2 Kf7 27. h3
Rc4 28. Rb1 Nc6 29. Nf4 Rd8 30. Rfd1 Rd7 31. Rb5 Bxd4 32. Rxd5 Rxd5 33. Nxd5
Bxe3 34. Nxe3 Rd4 35. Rb1 Rb4 36. Rd1 Rd4 37. Rb1 Rb4 38. Rd1 Nd4 39. Nd5 Nf3+
40. Kg2 Rd4 41. Rb1 Ne1+ 42. Rxe1 Rxd5 43. Rb1 b6 44. Rb3 Ra5 45. a3 Kg6 46.
Kg3 h5 47. f3 b5 48. f4 a6 49. Rd3 Ra4 50. f5+ Kh6 51. Kh4 hxg4 52. hxg4 b4 53.
axb4 Ra1 54. Rd6 Rh1+ 55. Kg3 Kg5 56. Rxa6 Rb1 57. Rb6 1/2-1/2

[Event "GoAudit Open 2021"]
[Site "Copenhagen"]
[Date "2021.11.13"]
[Round "5"]
[White "Boe, Mads"]
[Black "Akdag, Dara Sevkan"]
[Result "1-0"]
[WhiteElo "2243"]
[BlackElo "2155"]
[PlyCount "99"]
[EventDate "2021.11.12"]
[EventType "swiss"]
[EventRounds "7"]
[EventCountry "DEN"]

1. d4 Nf6 2. Nf3 g6 3. Bg5 Bg7 4. e3 d6 5. Bd3 O-O 6. O-O Nbd7 7. Nbd2 a5 8. c3
a4 9. b4 c5 10. a3 Nb6 11. Rc1 cxd4 12. cxd4 Be6 13. h3 Rc8 14. e4 d5 15. e5
Ne8 16. Qe2 Nc7 17. Rc2 Bd7 18. Rfc1 Ne6 19. Be3 f5 20. Rxc8 Bxc8 21. Nb1 f4
22. Bd2 g5 23. Bc3 Qe8 24. Nh2 f3 25. Nxf3 Nf4 26. Qe3 Nxd3 27. Qxd3 Bf5 28.
Qe3 Bh6 29. Nbd2 Qg6 30. g4 Be6 31. Ne1 Nc4 32. Nxc4 dxc4 33. Bd2 Bd5 34. f3
Rf4 35. Qf2 Rf8 36. Qe3 Qb6 37. Kg2 Rf4 38. Qf2 Qxd4 39. Qxd4 Rxd4 40. Be3 Rf4
41. Bxf4 gxf4 42. Nc2 Bg5 43. Nd4 e6 44. Nb5 Bd8 45. Rd1 Bb6 46. Nc3 Kf7 47.
Nxd5 exd5 48. Rxd5 Ke6 49. Rd6+ Kxe5 50. Rxb6 1-0

[Event "GoAudit Open 2021"]
[Site "Copenhagen"]
[Date "2021.11.13"]
[Round "5"]
[White "Eriksson, Christian Altenburg"]
[Black "Thorsbro, Peter"]
[Result "1/2-1/2"]
[WhiteElo "2135"]
[BlackElo "2179"]
[PlyCount "57"]
[EventDate "2021.11.12"]
[EventType "swiss"]
[EventRounds "7"]
[EventCountry "DEN"]

1. e4 e5 2. Nf3 Nc6 3. d4 exd4 4. Nxd4 Nf6 5. Nc3 Bb4 6. Nxc6 bxc6 7. Bd3 d5 8.
exd5 cxd5 9. O-O O-O 10. h3 h6 11. Qf3 c6 12. Bf4 Bd6 13. Ne2 Re8 14. Rad1 Be5
15. b3 a5 16. c4 a4 17. cxd5 cxd5 18. Bxe5 Rxe5 19. Nd4 Bd7 20. b4 a3 21. Bf5
Ba4 22. Qf4 Qe8 23. Rd3 Rb8 24. Nf3 Rxf5 25. Qxf5 Bc2 26. Rc1 Bxd3 27. Qxd3
Rxb4 28. Qxa3 Rc4 29. Re1 1/2-1/2

[Event "GoAudit Open 2021"]
[Site "Copenhagen"]
[Date "2021.11.13"]
[Round "5"]
[White "Guindy, Esmat Susanne"]
[Black "Haubro, Martin"]
[Result "0-1"]
[WhiteElo "2102"]
[BlackElo "2410"]
[PlyCount "52"]
[EventDate "2021.11.12"]
[EventType "swiss"]
[EventRounds "7"]
[EventCountry "DEN"]

1. d4 d5 2. g3 Bf5 3. Bg2 Nc6 4. Nf3 Nf6 5. Nh4 Qd7 6. Nxf5 Qxf5 7. c3 e5 8.
dxe5 Nxe5 9. Bf4 Bc5 10. O-O Bb6 11. Bxe5 Qxe5 12. Nd2 O-O 13. Nf3 Qe7 14. e3
Rad8 15. a4 a5 16. Nd4 Rd7 17. Bh3 Rdd8 18. Qf3 Ne4 19. Nf5 Qe5 20. Qh5 Qf6 21.
Bg2 g6 22. Nh6+ Kg7 23. Qh3 Qg5 24. f3 Qxe3+ 25. Kh1 Qg1+ 26. Rxg1 Nf2# 0-1

[Event "GoAudit Open 2021"]
[Site "Copenhagen"]
[Date "2021.11.13"]
[Round "5"]
[White "Fries Nielsen, Jens Ove"]
[Black "Ostergaard, Jens"]
[Result "1-0"]
[WhiteElo "2383"]
[BlackElo "2230"]
[PlyCount "101"]
[EventDate "2021.11.12"]
[EventType "swiss"]
[EventRounds "7"]
[EventCountry "DEN"]

1. e4 c5 2. Nf3 Nc6 3. Bc4 d6 4. d4 cxd4 5. Nxd4 Nf6 6. Nc3 e6
7. Be3 Be7 8. Qe2 O-O 9. O-O-O Nxd4 10. Bxd4 Qa5 11. Rhg1 Bd7 12. g4 b5 13. g5
Ne8 14. Bxb5 Bxb5 15. Qxb5 Qc7 16. Rd3 d5 17. exd5 Qxh2 18. Rdd1 Nd6 19. Qe2
Qf4+ 20. Kb1 Nf5 21. Be5 Qb4 22. dxe6 fxe6 23. Qa6 Qb6 24. Qxb6 axb6 25. Nb5
Ra5 26. c4 Bc5 27. Rgf1 Raa8 28. Nc7 Rac8 29. b3 Kf7 30. Rd7+ Be7 31. Nb5 Kg6
32. f4 Rf7 33. Rfd1 Bc5 34. Rxf7 Kxf7 35. Rd7+ Kg6 36. Nc7 h5 37. gxh6 gxh6 38.
Nxe6 h5 39. Ng5 h4 40. Kc2 b5 41. Kd3 bxc4+ 42. bxc4 Ra8 43. Rc7 Be7 44. Ke4
Ng3+ 45. Kf3 Ra3+ 46. Kg4 Nf5 47. Rc6+ Bd6 48. Rxd6+ Nxd6 49. Bxd6 Rxa2 50. f5+
Kh6 51. Bf8# 1-0

[Event "GoAudit Open 2021"]
[Site "Copenhagen"]
[Date "2021.11.13"]
[Round "5"]
[White "Andersen, Soren Mikkel"]
[Black "Kistrup, Nicolai"]
[Result "1/2-1/2"]
[WhiteElo "2127"]
[BlackElo "2276"]
[PlyCount "70"]
[EventDate "2021.11.12"]
[EventType "swiss"]
[EventRounds "7"]
[EventCountry "DEN"]

1. d4 Nf6 2. c4 e6 3. Nf3 d5 4. Nc3 Bb4 5. Bg5 h6 6. Bxf6 Qxf6 7. e3 O-O 8. Rc1
c5 9. a3 Bxc3+ 10. Rxc3 cxd4 11. Qxd4 Qxd4 12. Nxd4 Nc6 13. cxd5 Nxd4 14. exd4
Rd8 15. Bc4 exd5 16. Bd3 Be6 17. Kd2 Rac8 18. Rhc1 Rxc3 19. Rxc3 Rc8 20. Rc5 b6
21. Rxc8+ Bxc8 22. Kc3 Kf8 23. Kb4 Ke7 24. a4 Kd6 25. a5 Kc7 26. f4 f6 27. Bg6
Bd7 28. h4 Kd6 29. Bd3 Kc7 30. Bc2 Kd6 31. Ba4 Bc8 32. Be8 Ba6 33. Bb5 Bc8 34.
Be8 Ba6 35. Bb5 Bc8 1/2-1/2

[Event "GoAudit Open 2021"]
[Site "Copenhagen"]
[Date "2021.11.13"]
[Round "5"]
[White "Falkesgaard, Jeppe Hald"]
[Black "Brorsen, Jacob Abildlund"]
[Result "0-1"]
[WhiteElo "1866"]
[BlackElo "2147"]
[PlyCount "38"]
[EventDate "2021.11.12"]
[EventType "swiss"]
[EventRounds "7"]
[EventCountry "DEN"]

1. d4 d5 2. c4 c6 3. Nc3 Nf6 4. e3 a6 5. Nf3 Bf5 6. Be2 b5 7. b3 e6 8. O-O Nbd7
9. Nh4 Bg6 10. Nxg6 hxg6 11. Bb2 bxc4 12. bxc4 Qb8 13. f4 Qxb2 14. Na4 Qa3 15.
cxd5 Qxe3+ 16. Kh1 Ne4 17. Rf3 Ng3+ 18. Rxg3 Qxg3 19. h3 cxd5 0-1

[Event "GoAudit Open 2021"]
[Site "Copenhagen"]
[Date "2021.11.14"]
[Round "6"]
[White "Hoi, Carsten"]
[Black "Boe, Mads"]
[Result "1/2-1/2"]
[WhiteElo "2348"]
[BlackElo "2243"]
[PlyCount "78"]
[EventDate "2021.11.12"]
[EventType "swiss"]
[EventRounds "7"]
[EventCountry "DEN"]

1. d4 f5 2. Nf3 Nf6 3. Bg5 e6 4. Nbd2 d5 5. e3 Bd6 6. Ne5 Nbd7 7. f4 O-O 8. c3
Qe8 9. Be2 Be7 10. O-O Nxe5 11. fxe5 Ne4 12. Bxe7 Qxe7 13. Nxe4 fxe4 14. Rxf8+
Qxf8 15. Qb3 Qe7 16. c4 c6 17. Rf1 b6 18. Qc3 Bd7 19. b4 Rf8 20. Rxf8+ Qxf8 21.
c5 b5 22. Qa3 Qb8 23. Qa6 Qc7 24. Qa3 Bc8 25. Kf2 a6 26. Qc3 Bd7 27. a4 Kf8 28.
Qa3 Bc8 29. g3 Ke7 30. h4 Kd7 31. Kg2 Ke7 32. Qa1 Bb7 33. g4 Bc8 34. g5 Bd7 35.
Kg3 Be8 36. axb5 axb5 37. Bg4 Bd7 38. h5 Qd8 39. Qh1 Ke8 1/2-1/2

[Event "GoAudit Open 2021"]
[Site "Copenhagen"]
[Date "2021.11.14"]
[Round "6"]
[White "Hector, Jonny"]
[Black "Fries Nielsen, Jens Ove"]
[Result "1-0"]
[WhiteElo "2447"]
[BlackElo "2383"]
[PlyCount "73"]
[EventDate "2021.11.12"]
[EventType "swiss"]
[EventRounds "7"]
[EventCountry "DEN"]

1. e4 c5 2. Nf3 e6 3. d4 cxd4 4. Nxd4 a6 5. Nc3 Ne7 6. Be3 d5 7. exd5 Nxd5 8.
Nxd5 Qxd5 9. Be2 e5 10. Bf3 Qa5+ 11. Bd2 Bb4 12. O-O Bxd2 13. Nb3 Qc7 14. Qxd2
O-O 15. Rfe1 Be6 16. Qa5 Rc8 17. Rxe5 Nd7 18. Re2 b6 19. Qe1 Rab8 20. Nd4 Nf8
21. c3 Re8 22. Bd5 Bd7 23. Re7 Qf4 24. Qe3 Qxe3 25. Bxf7+ Kh8 26. Rxe3 Rxe3 27.
fxe3 g6 28. Rf1 Kg7 29. Bc4 b5 30. Rf7+ Kh6 31. Bb3 Re8 32. Kf2 Bc8 33. Rc7 Bf5
34. Nxf5+ gxf5 35. Rc6+ Kg5 36. Rxa6 Rd8 37. Ke2 1-0

[Event "GoAudit Open 2021"]
[Site "Copenhagen"]
[Date "2021.11.14"]
[Round "6"]
[White "Haubro, Martin"]
[Black "Eriksson, Christian Altenburg"]
[Result "1/2-1/2"]
[WhiteElo "2410"]
[BlackElo "2135"]
[PlyCount "80"]
[EventDate "2021.11.12"]
[EventType "swiss"]
[EventRounds "7"]
[EventCountry "DEN"]

1. d4 Nf6 2. c4 c5 3. d5 b5 4. cxb5 a6 5. bxa6 g6 6. Nc3 Bxa6 7. e4 Bxf1 8.
Kxf1 d6 9. g3 Bg7 10. Kg2 O-O 11. Nf3 Qb6 12. a4 Na6 13. Re1 Nd7 14. Qe2 Rfb8
15. Ra3 Nc7 16. Qc2 Qb4 17. Na2 Qb6 18. b3 Ne5 19. Nxe5 Bxe5 20. Bd2 Nb5 21.
axb5 Rxa3 22. Bc1 Qa5 23. Re2 Rxa2 24. Qxa2 Qxb5 25. Re3 Bd4 26. Rf3 Qb7 27.
Qd2 Bg7 28. Qf4 Rf8 29. Qh4 f5 30. Bg5 Bf6 31. Bxf6 Rxf6 32. Re3 fxe4 33. Qxe4
Rf5 34. Qe6+ Kf8 35. Kg1 Qxd5 36. Qxe7+ Kg8 37. h4 Qd1+ 38. Kg2 Qd5+ 39. Kg1
Qd1+ 40. Kg2 Qd5+ 1/2-1/2